Las mejores historias cortas de 1983 : (Record no. 22770)
[ view plain ]
| 000 -CABECERA | |
|---|---|
| campo de control de longitud fija | 00639nam a2200193 a 4500 |
| 001 - NÚMERO DE CONTROL | |
| campo de control | 000023273 |
| 005 - FECHA Y HORA DE LA ÚLTIMA TRANSACCIÓN | |
| campo de control | 20200930022114.0 |
| 008 - DATOS DE LONGITUD FIJA--INFORMACIÓN GENERAL | |
| campo de control de longitud fija | 101201s1984 mx r 000 0 spa d |
| 020 ## - NÚMERO INTERNACIONAL ESTÁNDAR DEL LIBRO | |
| Número Internacional Estándar del Libro | 9684092992 |
| 040 ## - FUENTE DE LA CATALOGACIÓN | |
| Centro catalogador/agencia de origen | DO-SdBNP |
| Lengua de catalogación | spa |
| Centro/agencia transcriptor | BNPHU |
| 082 ## - NÚMERO DE LA CLASIFICACIÓN DECIMAL DEWEY | |
| Número de clasificación | nnnn |
| Número de documento/Ítem | M516h |
| 049 ## - FONDOS LOCALES (OCLC) | |
| Fondos de biblioteca | BNGR |
| 245 04 - MENCIÓN DE TÍTULO | |
| Título | Las mejores historias cortas de 1983 : |
| Resto del título | Premios O. Henry / |
| Mención de responsabilidad, etc. | introducción de William Abrahams. |
| 260 ## - PUBLICACIÓN, DISTRIBUCIÓN, ETC. | |
| Lugar de publicación, distribución, etc. | México, D. F. : |
| Nombre del editor, distribuidor, etc. | Asociados Mexicanos, |
| Fecha de publicación, distribución, etc. | 1984. |
| 300 ## - DESCRIPCIÓN FÍSICA | |
| Extensión | 202 p. ; |
| Dimensiones | 19 cm. |
| 534 ## - NOTA SOBRE LA VERSIÓN ORIGINAL | |
| Frase introductoria | Título original en inglés: |
| Mención de título del original | Prize stories the O. Henry awards 1983. |
| 586 ## - NOTA DE PREMIOS | |
| Nota de premios | Presmios O. Henry |
| 700 1# - PUNTO DE ACCESO ADICIONAL--NOMBRE DE PERSONA | |
| Nombre de persona | Abrahams, William |
| 9 (RLIN) | 47915 |
| Estado de retiro | Estado de pérdida | Restricciones de uso | No para préstamo | Código de colección | Localización permanente | Ubicación/localización actual | Ubicación en estantería | Fecha de adquisición | Número de inventario | Total de préstamos | Signatura topográfica completa | Código de barras | Fecha visto por última vez | Precio válido a partir de | Tipo de ítem Koha | Número de copia |
|---|---|---|---|---|---|---|---|---|---|---|---|---|---|---|---|---|
| Préstamo interno | Monografías: Libros y Folletos | General | General | En catalogación | 01.12.2010 | LF1 | nnnn M516h | 23273-10 | 25.06.2020 | 25.06.2020 | Préstamo interno | |||||
| Préstamo interno | Préstamo restrigido | Monografías: Libros y Folletos | General | General | En catalogación | 14.02.2011 | LF1 | nnnn M516h | 23273-20 | 25.06.2020 | 25.06.2020 | Préstamo interno | e. 2 |
